LEADER 00807nam a2200205 4500 001 000000362348 003 CaOOAMICUS 005 20250328102636.0 008 250328s1917 it 000 u ita r 040 $aSeMil$bita 100 1 $aBernardo : da Quintavalle.$0(OLS)http://semarc/name/121799 245 12$aL'avvenire secondo l'insegnamento di Gesù /$cFra Bernardo da Quintavalle. 264 1$aRoma :$bBilychnis,$c1917. 300 $a43 p. ;$c26 cm 650 4$aVita eterna.$0(OLS)http://semarc/subject/9125 850 $aSeMil 852 $aSeMil$W1$xVenegono$y1$m5A VIII 6/4$j255497$B253261$CSeMilBibl$Z2$F253261 $81 996 $6245$aL'avvenire secondo l'insegnamento di Gesù$9(OLS)http://semarc/title/453233 996 $6264$aRoma :$bBilychnis$9(OLS)http://semarc/publisher/37582 LEADER 00537naa a2200145 i 4500 001 000000308296 003 CaOOAMICUS 005 20180831172932.0 008 180831n it u000 u ita u 013 $a17261 040 $aSeMil$bita 100 1 $aAudinet, Jacques.$0(OLS)http://semarc/name/19889 245 10$aRendre compte de la pratique croyante. 773 0 $tThéologie pratique.$dParis : Beauchesne, 1993.$kPoint théologique$z2-7010-1282-1$gp.385-391$w()105592 996 $6245$aRendre compte de la pratique croyante$9(OLS)http://semarc/title/383570